[Event "SVK-ch Amateurs"]
[Site "Liptovsky Jan"]
[Date "2023.06.18"]
[Round "7"]
[White "Petrovsky, Jan"]
[Black "Fonos, Zoltan"]
[Result "1-0"]
[WhiteElo "1774"]
[BlackElo "1532"]
[PlyCount "69"]
[EventDate "2023.06.15"]
[EventType "swiss"]
[EventRounds "8"]
[EventCountry "SVK"]
[SourceTitle "CBM 214 Extra"]
[Source "ChessBase"]
[SourceDate "2023.07.31"]
[SourceVersion "1"]
[SourceVersionDate "2023.07.31"]
[SourceQuality "1"]

1. c4 b6 2. Nc3 Bb7 3. d4 d5 4. Nf3 e6 5. Bf4 Bd6 6. Bxd6 Qxd6 7. cxd5 exd5 8. e3 Nf6 9. Rc1 c6 10. Bd3 0-0 11. 0-0 Ba6 12. a3 Bxd3 13. Qxd3 Nbd7 14. Rfe1 Rfe8 15. e4 dxe4 16. Nxe4 Nxe4 17. Rxe4 Nc5 18. Rxe8+ Rxe8 19. Qc4 Ne6 20. h3 h6 21. Qxc6 Qxc6 22. Rxc6 Rd8 23. Rc4 b5 24. Rb4 Rd5 25. a4 a6 26. axb5 axb5 27. Kf1 Kf8 28. g3 f6 29. Ke2 Nd8 30. Rb3 Nc6 31. Kd3 Ke7 32. Ra3 Ne5+ 33. Ke4 Nc4 34. Kxd5 Nxa3 35. bxa3 1-0